000
00202 a2200097 4500
001
689
100
_a
King,H.W.P
245
_a
Theory of lianear antennas
260
_a
_b
Cambridge
_c
090
_c
287
_d
287
942
_a
NUST-CAE
_c
M
_c
20779
999
_c
235762
_d
235762